00318nam a22000977a 4500082001400000100002200014245008400036260006800120300000700188650002500195 a294.5 AJI aSingh, Ajit Kumar aThe Impact of Gaudiya Vaishnavism on Socio-Religious Life of Meiteis in Manipur aHenry Martyn Institute, HyderabadbHenry Martyn Institutec2020 a79 aHinduism-Vaishnavism